<?xml version="1.0" encoding="UTF-8"?><?xml-stylesheet type="text/xsl" href="static/style.xsl"?><OAI-PMH xmlns="http://www.openarchives.org/OAI/2.0/" xmlns:xsi="http://www.w3.org/2001/XMLSchema-instance" xsi:schemaLocation="http://www.openarchives.org/OAI/2.0/ http://www.openarchives.org/OAI/2.0/OAI-PMH.xsd"><responseDate>2026-04-27T19:53:52Z</responseDate><request verb="GetRecord" identifier="oai:uvadoc.uva.es:10324/3742" metadataPrefix="marc">https://uvadoc.uva.es/oai/request</request><GetRecord><record><header><identifier>oai:uvadoc.uva.es:10324/3742</identifier><datestamp>2021-07-06T08:34:08Z</datestamp><setSpec>com_10324_1175</setSpec><setSpec>com_10324_931</setSpec><setSpec>com_10324_894</setSpec><setSpec>col_10324_1356</setSpec></header><metadata><record xmlns="http://www.loc.gov/MARC21/slim" xmlns:doc="http://www.lyncode.com/xoai" xmlns:xsi="http://www.w3.org/2001/XMLSchema-instance" xmlns:dcterms="http://purl.org/dc/terms/" xsi:schemaLocation="http://www.loc.gov/MARC21/slim http://www.loc.gov/standards/marcxml/schema/MARC21slim.xsd">
<leader>00925njm 22002777a 4500</leader>
<datafield tag="042" ind1=" " ind2=" ">
<subfield code="a">dc</subfield>
</datafield>
<datafield tag="720" ind1=" " ind2=" ">
<subfield code="a">Vega García-Luengos, Germán</subfield>
<subfield code="e">author</subfield>
</datafield>
<datafield tag="260" ind1=" " ind2=" ">
<subfield code="c">2005</subfield>
</datafield>
<datafield tag="520" ind1=" " ind2=" ">
<subfield code="a">Análisis de Correr por amor fortuna y determinación de su singularidad en el repertorio dramático de Luis Vélez de Guevara</subfield>
</datafield>
<datafield tag="024" ind2=" " ind1="8">
<subfield code="a">Felipe Pedraza Jiménez, Rafael González Cañal y Gemma Gómez Rubio, eds., Espacio, tiempo y género en la comedia española. Actas de las II Jornadas de Teatro Clásico de Toledo. 14, 15 y 16 de noviembre de 2003de julio, Ciudad Real, Instituto Almagro de Teatro Clásico-Universidad de Castilla-La Mancha, 2005, pp. 377-395</subfield>
</datafield>
<datafield tag="024" ind2=" " ind1="8">
<subfield code="a">http://uvadoc.uva.es/handle/10324/3742</subfield>
</datafield>
<datafield tag="024" ind2=" " ind1="8">
<subfield code="a">377</subfield>
</datafield>
<datafield tag="024" ind2=" " ind1="8">
<subfield code="a">395</subfield>
</datafield>
<datafield tag="024" ind2=" " ind1="8">
<subfield code="a">Espacio, tiempo y género en la comedia española. Actas de las II Jornadas de Teatro Clásico de Toledo. 14, 15 y 16 de noviembre de 2003de julio</subfield>
</datafield>
<datafield ind1=" " ind2=" " tag="653">
<subfield code="a">Luis Vélez de Guevara</subfield>
</datafield>
<datafield ind1=" " ind2=" " tag="653">
<subfield code="a">Correr por amor fortuna</subfield>
</datafield>
<datafield tag="245" ind1="0" ind2="0">
<subfield code="a">La comedia de capa y espada de Luis Vélez de Guevara: Correr por amor fortuna</subfield>
</datafield>
</record></metadata></record></GetRecord></OAI-PMH>